000 00534nam a22001937a 4500
003 CUTN
005 20250709121554.0
008 250709b |||||||| |||| 00| 0 eng d
020 _a9781641724319
041 _aEnglish
082 _223
_a530
_bNOL
100 _aNolan, Summer
245 _aTextbook of Physics /
_cSummer Nolan
260 _aNew York :
_bLarsen and Keller Education,
_c2020.
300 _aviii, 234 p.:
_bill.;
_c20.32 x 1.42 x 27.64 cm.
650 _aPhysical science
650 _aDynamics
942 _2ddc
_cBOOKS
999 _c44864
_d44864